Program report for 1996- International rice research Institute

Kaydedildi:
Detaylı Bibliyografya
Materyal Türü: Kitap
Dil:Undetermined
Baskı/Yayın Bilgisi: Philippines IRRI 1997
Konular:
Etiketler: Etiketle
Etiket eklenmemiş, İlk siz ekleyin!
Thư viện lưu trữ: Trung tâm Học liệu Trường Đại học Cần Thơ
LEADER 00479nam a2200169Ia 4500
001 CTU_122476
008 210402s9999 xx 000 0 und d
082 |a 630.72 
082 |b P962 
245 0 |a Program report for 1996- International rice research Institute 
260 |a Philippines 
260 |b IRRI 
260 |c 1997 
650 |a Rice,Agriculture,Nông nghiệp 
650 |x Statistics 
904 |i M.Loan 
980 |a Trung tâm Học liệu Trường Đại học Cần Thơ